<?xml version="1.0" encoding="UTF-8"?>
<collection xmlns="http://www.loc.gov/MARC21/slim">
 <record>
  <leader>02416com a2200505 ca4500</leader>
  <controlfield tag="001">1181568773</controlfield>
  <controlfield tag="003">DE-627</controlfield>
  <controlfield tag="005">20250226090111.0</controlfield>
  <controlfield tag="007">ou</controlfield>
  <controlfield tag="008">040525m20042004xx ||| |      |   b|ger c</controlfield>
  <datafield tag="015" ind1=" " ind2=" ">
   <subfield code="a">04,N20,1013</subfield>
   <subfield code="2">dnb</subfield>
  </datafield>
  <datafield tag="016" ind1="7" ind2=" ">
   <subfield code="a">97091072X</subfield>
   <subfield code="2">DE-101</subfield>
  </datafield>
  <datafield tag="020" ind1=" " ind2=" ">
   <subfield code="a">377053641X</subfield>
   <subfield code="9">3-7705-3641-X</subfield>
  </datafield>
  <datafield tag="024" ind1="3" ind2=" ">
   <subfield code="a">9783770536412</subfield>
  </datafield>
  <datafield tag="035" ind1=" " ind2=" ">
   <subfield code="a">(DE-627)1181568773</subfield>
  </datafield>
  <datafield tag="035" ind1=" " ind2=" ">
   <subfield code="a">(DE-576)111568773</subfield>
  </datafield>
  <datafield tag="035" ind1=" " ind2=" ">
   <subfield code="a">(DE-599)DNB97091072X</subfield>
  </datafield>
  <datafield tag="040" ind1=" " ind2=" ">
   <subfield code="a">DE-627</subfield>
   <subfield code="b">ger</subfield>
   <subfield code="c">DE-627</subfield>
   <subfield code="e">rakwb</subfield>
  </datafield>
  <datafield tag="041" ind1=" " ind2=" ">
   <subfield code="a">ger</subfield>
  </datafield>
  <datafield tag="082" ind1="0" ind2=" ">
   <subfield code="a">700</subfield>
  </datafield>
  <datafield tag="082" ind1="0" ind2="4">
   <subfield code="a">700</subfield>
  </datafield>
  <datafield tag="084" ind1=" " ind2=" ">
   <subfield code="a">9,10</subfield>
   <subfield code="2">ssgn</subfield>
  </datafield>
  <datafield tag="084" ind1=" " ind2=" ">
   <subfield code="a">LH 63685</subfield>
   <subfield code="2">rvk</subfield>
   <subfield code="0">(DE-625)rvk/94418:</subfield>
  </datafield>
  <datafield tag="243" ind1="1" ind2="0">
   <subfield code="a">Sammlung</subfield>
  </datafield>
  <datafield tag="245" ind1="0" ind2="0">
   <subfield code="a">Schriften</subfield>
   <subfield code="c">Wilhelm Worringer. Hrsg. von Hannes Böhringer ...</subfield>
  </datafield>
  <datafield tag="263" ind1=" " ind2=" ">
   <subfield code="a">Kt iSch. : ca. EUR 152.00, ca. CHF 240.00</subfield>
  </datafield>
  <datafield tag="264" ind1=" " ind2="1">
   <subfield code="a">München</subfield>
   <subfield code="b">Fink</subfield>
   <subfield code="c">2004</subfield>
  </datafield>
  <datafield tag="336" ind1=" " ind2=" ">
   <subfield code="a">Sonstige</subfield>
   <subfield code="b">xxx</subfield>
   <subfield code="2">rdacontent</subfield>
  </datafield>
  <datafield tag="337" ind1=" " ind2=" ">
   <subfield code="a">nicht spezifiziert</subfield>
   <subfield code="b">z</subfield>
   <subfield code="2">rdamedia</subfield>
  </datafield>
  <datafield tag="338" ind1=" " ind2=" ">
   <subfield code="a">nicht spezifiziert</subfield>
   <subfield code="b">zu</subfield>
   <subfield code="2">rdacarrier</subfield>
  </datafield>
  <datafield tag="655" ind1=" " ind2="7">
   <subfield code="a">Aufsatzsammlung</subfield>
   <subfield code="0">(DE-588)4143413-4</subfield>
   <subfield code="0">(DE-627)105605727</subfield>
   <subfield code="0">(DE-576)209726091</subfield>
   <subfield code="2">gnd-content</subfield>
  </datafield>
  <datafield tag="689" ind1="0" ind2="0">
   <subfield code="d">s</subfield>
   <subfield code="0">(DE-588)4114333-4</subfield>
   <subfield code="0">(DE-627)105822957</subfield>
   <subfield code="0">(DE-576)209483733</subfield>
   <subfield code="a">Kunst</subfield>
   <subfield code="2">gnd</subfield>
  </datafield>
  <datafield tag="689" ind1="0" ind2="1">
   <subfield code="a">z</subfield>
   <subfield code="2">gnd</subfield>
   <subfield code="a">Geschichte</subfield>
  </datafield>
  <datafield tag="689" ind1="0" ind2=" ">
   <subfield code="5">(DE-627)</subfield>
  </datafield>
  <datafield tag="700" ind1="1" ind2=" ">
   <subfield code="a">Worringer, Wilhelm</subfield>
   <subfield code="d">1881-1965</subfield>
   <subfield code="0">(DE-588)118807900</subfield>
   <subfield code="0">(DE-627)133367908</subfield>
   <subfield code="0">(DE-576)163624062</subfield>
   <subfield code="4">oth</subfield>
  </datafield>
  <datafield tag="700" ind1="1" ind2=" ">
   <subfield code="a">Böhringer, Hannes</subfield>
   <subfield code="d">1948-</subfield>
   <subfield code="e">Hrsg.</subfield>
   <subfield code="0">(DE-588)11817374X</subfield>
   <subfield code="0">(DE-627)079286372</subfield>
   <subfield code="0">(DE-576)16034431X</subfield>
   <subfield code="4">edt</subfield>
  </datafield>
  <datafield tag="787" ind1="0" ind2="8">
   <subfield code="i">Rezensiert in</subfield>
   <subfield code="a">Feist, Peter H., 1928 - 2015</subfield>
   <subfield code="t">[Rezension von: Wilhelm Worringer, Schriften - Hannes Böhringer (Hrsg.), Wilhelm Worringers Kunstgeschichte - Helga Grebing, Die Worringers]</subfield>
   <subfield code="d">Regensburg : Schnell und Steiner, 2005</subfield>
   <subfield code="w">(DE-627)1553462254</subfield>
   <subfield code="w">(DE-576)48346225X</subfield>
  </datafield>
  <datafield tag="787" ind1="0" ind2="8">
   <subfield code="i">Rezensiert in</subfield>
   <subfield code="a">Dilly, Heinrich, 1941 - 2019</subfield>
   <subfield code="t">[Rezension von: Wilhelm Worringer, Schriften]</subfield>
   <subfield code="d">2005</subfield>
   <subfield code="w">(DE-627)1918587086</subfield>
  </datafield>
  <datafield tag="856" ind1="4" ind2="2">
   <subfield code="u">https://swbplus.bsz-bw.de/bsz111568773rez.htm</subfield>
   <subfield code="m">V:DE-576</subfield>
   <subfield code="q">text/html</subfield>
   <subfield code="3">Rezension</subfield>
  </datafield>
  <datafield tag="936" ind1="r" ind2="v">
   <subfield code="a">LH 63685</subfield>
   <subfield code="b">Worringer, Wilhelm</subfield>
   <subfield code="k">Kunstgeschichte</subfield>
   <subfield code="k">Allgemeines. Allgemeine Kunstgeschichte</subfield>
   <subfield code="k">Geschichte der Kunstwissenschaft</subfield>
   <subfield code="k">Schriften über Kunsthistoriker</subfield>
   <subfield code="k">Einzeldarstellungen (Autobiografien,Biografien, Festansprachen, Leichenreden, Nachrufe u. dergl.)</subfield>
   <subfield code="k">Namen W</subfield>
   <subfield code="k">Worringer, Wilhelm</subfield>
   <subfield code="0">(DE-627)1271293404</subfield>
   <subfield code="0">(DE-625)rvk/94418:</subfield>
   <subfield code="0">(DE-576)201293404</subfield>
  </datafield>
  <datafield tag="951" ind1=" " ind2=" ">
   <subfield code="a">MC</subfield>
  </datafield>
  <datafield tag="990" ind1=" " ind2=" ">
   <subfield code="a">Kunst</subfield>
  </datafield>
  <datafield tag="990" ind1=" " ind2=" ">
   <subfield code="a">Geschichte</subfield>
  </datafield>
  <datafield tag="991" ind1=" " ind2=" ">
   <subfield code="a">Rezensiertes Werk</subfield>
  </datafield>
  <datafield tag="999" ind1=" " ind2=" ">
   <subfield code="a">KXP-PPN1181568773</subfield>
   <subfield code="e">415299648X</subfield>
  </datafield>
 </record>
</collection>
